000 00385nam a22001577a 4500
999 _c163553
_d163553
008 190423b ||||| |||| 00| 0 eng d
020 _a9780140126198
035 _aB-214290
040 _adpl
_ben
082 _aN
100 _aKhushwant Singh
245 _aDelhi
_ba novel
_ckhushwant singh
260 _aNew Delhi
_bPenguin
_c1990
300 _a391p.
942 _2ddc
_cEN
_hN
_mKHU